The RICS and Macdonald and Company salary survey 2008 (Record no. 108044)

MARC details
000 -LEADER
fixed length control field 01498cad a22002535a 4500
001 - CONTROL NUMBER
control field L143032
008 - FIXED-LENGTH DATA ELEMENTS--GENERAL INFORMATION
fixed length control field 070313s2008 xxkd f s 000 0 eng d
035 ## - SYSTEM CONTROL NUMBER
System control number (Sirsi) u143032
041 0# - LANGUAGE CODE
Language code of text/sound track or separate title eng
050 04 - LIBRARY OF CONGRESS CALL NUMBER
Classification number 331.281333 $2 18
110 2# - MAIN ENTRY--CORPORATE NAME
Corporate name or jurisdiction name as entry element Royal Institution of Chartered Surveyors
9 (RLIN) 4900
240 04 - UNIFORM TITLE
Uniform title The RICS and Macdonald and Company UK salary survey 2008
245 04 - TITLE STATEMENT
Title The RICS and Macdonald and Company salary survey 2008
Medium [electronic resource]
260 ## - PUBLICATION, DISTRIBUTION, ETC.
Place of publication, distribution, etc. London
Name of publisher, distributor, etc. Macdonald and Company
Place of publication, distribution, etc. London
Name of publisher, distributor, etc. RICS
Date of publication, distribution, etc. 2008
520 ## - SUMMARY, ETC.
Summary, etc. Reports that the average salary for those working in chartered surveying across all disciplines was found to be £40 787. Notes that due to a different profile of respondents, this figure should not be compared against previous surveys. The seniority and number of years' experience of survey respondents has begun to fall significantly. The fields reporting the highest average earnings were Fund Management, Investment Brokerage and Corporate Property Consultancy, while the fields reporting the lowest average earnings were Rural Practice, Geomatics and Building Surveying.
521 2# - TARGET AUDIENCE NOTE
Target audience note Advanced
590 ## - LOCAL NOTE (RLIN)
Local note KA
650 24 - SUBJECT ADDED ENTRY--TOPICAL TERM
Topical term or geographic name entry element RICS SALARY AND BENEFITS SURVEYS
651 #4 - SUBJECT ADDED ENTRY--GEOGRAPHIC NAME
Geographic name United Kingdom
Chronological subdivision
690 ## - LOCAL SUBJECT ADDED ENTRY--TOPICAL TERM (OCLC, RLIN)
Topical term or geographic name as entry element MANAGEMENT-BUSINESS MANAGEMENT-HUMAN RESOURCE MANAGEMENT
710 2# - ADDED ENTRY--CORPORATE NAME
Corporate name or jurisdiction name as entry element Macdonald and Company
9 (RLIN) 3846
856 41 - ELECTRONIC LOCATION AND ACCESS
Uniform Resource Identifier <a href="https://www.macdonaldandcompany.com/uk-salary-survey">https://www.macdonaldandcompany.com/uk-salary-survey</a>
Public note View the item free of charge at www.macdonaldandcompany.com...
942 ## - ADDED ENTRY ELEMENTS (KOHA)
Suppress in OPAC 0
Holdings
Withdrawn status Lost status Source of classification or shelving scheme Damaged status Not for loan Home library Current library Shelving location Date acquired Total Checkouts Full call number Barcode Date last seen Copy number Price effective from Koha item type
    Dewey Decimal Classification     London London RICS Boxes 28/04/2008   RICS 2008/13 30074393 06/08/2019 1 06/08/2019 Archive
    Dewey Decimal Classification     London London RICS Boxes 28/04/2008   RICS 2008/13 30074397 06/08/2019 2 06/08/2019 Reference material
    Dewey Decimal Classification     London London RICS Boxes 28/04/2008   RICS 2008/13 30074398 06/08/2019 4 06/08/2019 Book
    Dewey Decimal Classification     Virtual Virtual Online 02/04/2008   ONLINE PUBLICATION 143032-1001 06/08/2019 1 06/08/2019 Book